Historia del terrorismo yihadista (Registro nro. 309238)
[ vista simple ]
| 000 -ENCABEZADO | |
|---|---|
| Número de control [NR] | 01037 a2200289 4500 |
| 005 - FECHA Y HORA DE LA ÚLTIMA TRANSACCIÓN | |
| control field | 20180228095520.0 |
| 008 - DE LONGITUD FIJA DE DATOS DE ELEMENTOS - INFORMACIÓN GENERAL | |
| Elementos de longitud fija [NR] | 180228s2017 sp ||||| |||| 00| 0 spa d |
| 020 ## - NUMERO INTERNACIONAL NORMALIZADO PARA LIBROS [R] | |
| Número Internacional Normalizado del libro [NR] | 9788491710578 |
| 040 ## - FUENTE DE CATALOGACION [NR] | |
| Agencia de catalogación original [NR] | CO-BoUCM |
| Idioma de catalogación [NR] | spa |
| Quien Cataloga | Saul Niño |
| Quien Clasifica | Saul Niño |
| 041 0# - CODIGO DE IDIOMA [R] | |
| Código de idioma para texto/pista de sonido o título separado [R] | Español |
| 100 10 - ASIENTO PRINCIPAL--NOMBRE PERSONAL [NR] | |
| Nombre personal [NR] | Juan Avilés Farré |
| ID Autoridad | 91618 |
| 245 10 - MENCION DE TITULO [NR] | |
| Título [NR] | Historia del terrorismo yihadista |
| Parte restante del título [NR] | de Al Qaeda al Daesh |
| 260 ## - PUBLICACION, DISTRIBUCION, ETC. (PIE DE IMPRENTA) [R] | |
| Nombre del editor, distribuidor, etc. [R] | Madrid (España) |
| -- | Síntesis |
| Lugar de publicación, distribución, etc. [R] | 2017 |
| 300 ## - DESCRIPCION FISICA [R] | |
| Extensión [R] | 248 páginas |
| 490 0# - MENCION DE SERIE [R] | |
| Mención de serie [R] | Temas de historia contemporánea |
| Designación numérica/secuencial del volumen [NR] | 2 |
| 610 1# - ASIENTO SECUNDARIO DE MATERIA - NOMBRE CORPORATIVO [R] | |
| Nombre corporativo o nombre de la jurisdicción como elemento de entrada [NR] | Al-Qaeda |
| Subdivisión general [R] | Historia |
| 9 (RLIN) | 90916 |
| 610 ## - ASIENTO SECUNDARIO DE MATERIA - NOMBRE CORPORATIVO [R] | |
| Nombre corporativo o nombre de la jurisdicción como elemento de entrada [NR] | Daesh |
| Subdivisión general [R] | Historia |
| 9 (RLIN) | 91619 |
| 650 #7 - ASIENTO SECUNDARIO DE MATERIA - TERMINO TEMATICO [R] | |
| Término temático o nombre geográfico como elemento de entrada [NR] | Terrorismo |
| Subdivisión general [R] | Aspectos religiosos |
| 9 (RLIN) | 28987 |
| 650 #7 - ASIENTO SECUNDARIO DE MATERIA - TERMINO TEMATICO [R] | |
| 9 (RLIN) | 12145 |
| Término temático o nombre geográfico como elemento de entrada [NR] | Crímenes de guerra |
| 650 #7 - ASIENTO SECUNDARIO DE MATERIA - TERMINO TEMATICO [R] | |
| 9 (RLIN) | 16560 |
| Término temático o nombre geográfico como elemento de entrada [NR] | Grupos subversivos |
| Subdivisión general [R] | Historia |
| 650 #7 - ASIENTO SECUNDARIO DE MATERIA - TERMINO TEMATICO [R] | |
| 9 (RLIN) | 16217 |
| Término temático o nombre geográfico como elemento de entrada [NR] | Fundamentalismo islámico |
| Subdivisión general [R] | Historia |
| 650 #7 - ASIENTO SECUNDARIO DE MATERIA - TERMINO TEMATICO [R] | |
| 9 (RLIN) | 16636 |
| Término temático o nombre geográfico como elemento de entrada [NR] | Guerra y religión |
| Subdivisión general [R] | Historia |
| 650 #7 - ASIENTO SECUNDARIO DE MATERIA - TERMINO TEMATICO [R] | |
| 9 (RLIN) | 21073 |
| Término temático o nombre geográfico como elemento de entrada [NR] | Paramilitarismo |
| 650 #7 - ASIENTO SECUNDARIO DE MATERIA - TERMINO TEMATICO [R] | |
| 9 (RLIN) | 12415 |
| Término temático o nombre geográfico como elemento de entrada [NR] | Culturas dominantes |
| Subdivisión cronológica [R] | Estados Unidos |
| 942 ## - ELEMENTOS DE ENTRADA AGREGADOS (KOHA) | |
| Tipo de ítem principal el descrito en 300a | Libro |
| Sistema de clasificación | DEWEY |
| Tema principal | Sociología |
| Edición | 1 |
| Clasificación | 303.625 |
| Parte restante de la signatura top. | A958h |
| Fecha de último préstamo | Total préstamos | Total Renewals | Signatura topográfica | Código de barras | Última vez visto | Ejemplar | Costo de reposición | Price effective from | Tipo de ítem | Perdido | Sistema de clasificación | Dañado | No prestable | Tipo de ítem específico | Suprimido | Ubicación habitual | Ubicación actual | Localización | Fecha de creación | Proveedor | Forma de adquisición | Costo |
|---|---|---|---|---|---|---|---|---|---|---|---|---|---|---|---|---|---|---|---|---|---|---|
| 06/03/2018 | 2 | 1 | 303.625 A958h | 100156583 | 09/12/2025 | Ej.1 | 119419.00 | 20/02/2018 | Libro | DEWEY | Libro | Claustro | Claustro | 2do piso | 20/02/2018 | 37 | Compra | 119419.00 |